000 00488nam a2200169Ia 4500
003 OSt
005 20200120113012.0
008 190216s9999||||xx |||||||||||||| ||und||
040 _coclc
082 _a658.45
_bVAS/B
100 _a Vasishth, Neeru
_91326
245 0 _aBusiness Communication /
_cNeeru Vasishth ; Namita Rajput
250 _a1st ed.
260 _bKitab Mahal,
_aAllahabad:
_c2006.
300 _a226p
942 _cBK
_2ddc
_h658.45
_iVAS/B
_k658.45
_mVAS/B
999 _c7014
_d7014